| 000 | 00707cam a2200217 a 4500 | ||
|---|---|---|---|
| 999 |
_c7620 _d7620 |
||
| 003 | OSt | ||
| 005 | 20200317104901.0 | ||
| 008 | 120808s2013 enka b 001 0 eng | ||
| 020 | _a9780415597050 (pbk. : alk. paper) | ||
| 040 |
_aDLC _cDLC _dDLC |
||
| 082 | 0 | 0 |
_a363.738/74561091732 _223 _bHAR |
| 100 | 1 |
_aBulkeley, Harriet, _d1972- |
|
| 245 | 1 | 0 |
_aCities and climate change / _cHarriet Bulkeley. |
| 260 |
_aAbingdon, Oxon ; _aNew York, NY : _bRoutledge, _c2013. |
||
| 300 |
_avii, 266 p. : _bill. ; _c24 cm. |
||
| 504 | _aIncludes bibliographical references and index. | ||
| 650 | 0 | _aClimatic changes. | |
| 650 | 0 |
_aClimatic changes _xGovernment policy. |
|
| 650 | 0 | _aUrban ecology (Sociology) | |
| 942 | _2ddc | ||